Foreign investment in the petroleum and mineral industry: (Record no. 76736)
[ view plain ]
| 000 -LEADER | |
|---|---|
| fixed length control field | 00759nam a2200157Ia 4500 |
| 008 - FIXED-LENGTH DATA ELEMENTS--GENERAL INFORMATION | |
| fixed length control field | 161024 000 0 eng d |
| 020 ## - INTERNATIONAL STANDARD BOOK NUMBER | |
| International Standard Book Number | 801811848 |
| 040 ## - CATALOGING SOURCE | |
| Original cataloging agency | NG-ZaABU |
| 050 ## - LIBRARY OF CONGRESS CALL NUMBER | |
| Classification number | HG 4538 |
| 245 #0 - TITLE STATEMENT | |
| Title | Foreign investment in the petroleum and mineral industry: |
| Remainder of title | case studies of investor-host country relations/ |
| Statement of responsibility, etc. | by Raymond F. Mikesell [et-al] |
| 260 ## - PUBLICATION, DISTRIBUTION, ETC. | |
| Place of publication, distribution, etc. | Baltimore: |
| Name of publisher, distributor, etc. | John Hopkins Press, |
| Date of publication, distribution, etc. | 1971 |
| 300 ## - PHYSICAL DESCRIPTION | |
| Extent | xvii, 459p.:ill. |
| 500 ## - GENERAL NOTE | |
| General note | Includes index |
| 700 ## - ADDED ENTRY--PERSONAL NAME | |
| Personal name | Mikesell, Raymond F.;Bartsch, William H.;Behrman, Jack N.;Church, Phillp E.;Edwards, Gertrud G.;Gomez, Henry;Harris, William G.;Mamalaski, Markos;Wells, Donald A.;Wionczek, Miguel S.;Zinser, James E. |
No items available.